00591nam a2200169 a 4500008004100000100002400041245012800065260003000193300003500223500003100258650001800289650002500307700006200332003000100394005001700395040000900412 1 aNhakura, Macdonald.10aSocial Media as a Tool for Sharing Academic Knowledge among Undergraduate Students at HIT University /c Macdonald Nhakura. aBulawayo :bNUST,c 2014. axiii, 127 p. :bill. ;c30 cm. aThesis (MSc)---NUST, 2014. aSocial media. aInformation society. aNUST.bDept. of Library and Information Science.tThesis.20230123122139.0 cNUST